书目信息 |
| 题名: |
采矿概论
|
|
| 作者: | 陈国山 主编 | |
| 分册: | ||
| 出版信息: | 北京 冶金工业出版社 2012 |
|
| 页数: | 236页 | |
| 开本: | 26cm | |
| 丛书名: | ||
| 单 册: | ||
| 中图分类: | TD801 | |
| 科图分类: | ||
| 主题词: | 矿山开采 , 矿山开采--概论--高等学校--教材 | |
| 电子资源: | ||
| ISBN: | 978-7-5024-5471-5 | |
| 000 | 00938nam0 2200265 45 | |
| 001 | 1354518155 | |
| 005 | 20130510093307.64 | |
| 010 | @a978-7-5024-5471-5@dCNY32.00 | |
| 100 | @a20130108d2012 em y0chiy50 ea | |
| 101 | 0 | @achi |
| 102 | @aCN@b110000 | |
| 105 | @aa z 000yy | |
| 106 | @ar | |
| 200 | 1 | @a采矿概论@ACai Kuang Gai Lun@f陈国山主编@FChen Guo Shan Zhu Bian |
| 205 | @a2版 | |
| 210 | @a北京@c冶金工业出版社@d2012 | |
| 215 | @a236页@c图@d26cm | |
| 300 | @a高等学校“十二五”规划教材 | |
| 330 | @a本书介绍了有关采矿、凿岩与爆破的基本知识,地下采矿的开拓工程和生产工艺,常用采矿方法,平巷、硐室、斜井、天井的施工,矿井通风方法,露天开采的穿孔爆破、采装、运输、排土等生产工艺,采矿技术和采矿设备的发展等内容。 | |
| 606 | 0 | @a矿山开采 |
| 606 | 0 | @a矿山开采@x概论@x高等学校@j教材 |
| 690 | @aTD801@v5 | |
| 701 | 0 | @a陈国山@AChen Guo Shan@4主编 |
| 801 | @aCN@bTANGWEI@c20130108 | |
| 905 | @b0830478-80@dTD801@e22=2@f3 | |
| 采矿概论/陈国山主编.-2版.-北京:冶金工业出版社,2012 |
| 236页:图;26cm |
| 高等学校“十二五”规划教材 |
| ISBN 978-7-5024-5471-5:CNY32.00 |
| 本书介绍了有关采矿、凿岩与爆破的基本知识,地下采矿的开拓工程和生产工艺,常用采矿方法,平巷、硐室、斜井、天井的施工,矿井通风方法,露天开采的穿孔爆破、采装、运输、排土等生产工艺,采矿技术和采矿设备的发展等内容。 |
| ● |
| 相关链接 |
|
|
|
|
正题名:采矿概论
索取号:TD801/22=2
 
预约/预借
| 序号 | 登录号 | 条形码 | 馆藏地/架位号 | 状态 | 备注 |
| 1 | 0830478 | 208304789 | 第二样本阅览室/ [索取号:TD801/22=2] | 在馆 | |
| 2 | 0830479 | 208304798 | 密集书库-化学系/ [索取号:TD801/22=2] | 在馆 | |
| 3 | 0830480 | 208304805 | 第三借阅区/ [索取号:TD801/22=2] | 在馆 |